|
|
|
|
| LEADER |
01500nam a2200325 u 4500 |
| 001 |
10117543 |
| 003 |
upatras |
| 005 |
20241011093003.0 |
| 008 |
150917s2011 gre |
| 020 |
|
|
|a 9789609979474
|
| 040 |
|
|
|a GR-PaULI
|c GR-PaULI
|
| 041 |
0 |
|
|a gre
|
| 082 |
0 |
4 |
|a 791.4301
|
| 100 |
1 |
|
|a Σταυροπούλου, Μίκα
|4 aut
|9 146127
|
| 245 |
1 |
0 |
|a Κοινωνία και κινηματογράφος
|b οι αρσενικοί σταρ του κινηματογράφου ως μύθοι και σύμβολα
|c Μίκα Σταυροπούλου
|
| 260 |
|
|
|a Αθήνα
|b Μυρμιδόνες
|c 2011
|
| 300 |
|
|
|a 430 σ.
|b φωτ.
|c 24 εκ.
|
| 490 |
0 |
|
|a Μυρμιδόνες
|v 11
|
| 500 |
|
|
|a Περιέχει φιλμογραφία
|
| 504 |
|
|
|a Βιβλιογραφία: σ. 383-396
|
| 600 |
1 |
4 |
|a Delon- Alain
|d 1935-
|9 146128
|
| 650 |
|
0 |
|a Κινηματογράφος
|x Κοινωνικές απόψεις
|9 18433
|
| 650 |
|
4 |
|a Κινηματογράφος
|x Ψυχολογικές απόψεις
|9 87835
|
| 650 |
|
4 |
|a Ανδρες στον κινηματογράφο
|9 138635
|
| 760 |
0 |
|
|a Μυρμιδόνες
|g 11
|
| 852 |
|
|
|a GR-PaULI
|b ΠΑΤΡΑ
|b ΘΕΑΤΡΟΛΟΓΙΑ
|k ΑΣΧΕ-3
|h 791.4301 ΣΤΑ
|m 012294
|p 025000137795
|t 1
|
| 942 |
|
|
|2 ddc
|c BK15
|
| 952 |
|
|
|0 0
|1 0
|4 0
|6 791_430100000000000_ΣΤΑ
|7 0
|9 183849
|a THST
|b THST
|d 2016-04-24
|i 012294
|l 0
|o 791.4301 ΣΤΑ
|p 025000137795
|r 2016-04-24 00:00:00
|t 1
|w 2016-04-24
|y BK15
|
| 998 |
|
|
|c ΜΑΝΙΑ
|d 2015-09
|
| 999 |
|
|
|c 113423
|d 113423
|